Online
Catalog

Metodologia del derecho. (Record no. 13496)

MARC details
000 -CABECERA
campo de control de longitud fija 00677cam a2200193u 4500
001 - NÚMERO DE CONTROL
campo de control 000013890
005 - FECHA Y HORA DE LA ÚLTIMA TRANSACCIÓN
campo de control 20200929163404.0
008 - DATOS DE LONGITUD FIJA--INFORMACIÓN GENERAL
campo de control de longitud fija 850226s1940 xx 000 0 spa
010 ## - NÚMERO DE CONTROL DE LA BIBLIOTECA DEL CONGRESO
Número de control de LC 42046203
040 ## - FUENTE DE LA CATALOGACIÓN
Centro catalogador/agencia de origen DO-SdBNP
Centro/agencia transcriptor CarP
Centro/agencia modificador DLC
050 00 - SIGNATURA TOPOGRÁFICA DE LA BIBLIOTECA DEL CONGRESO
Número de clasificación LAW <General Law Carn>
100 1# - ENTRADA PRINCIPAL--NOMBRE DE PERSONA
Nombre de persona Carnelutti, Francesco,
Fechas asociadas al nombre 1879- [from old catalog]
9 (RLIN) 31472
245 10 - MENCIÓN DE TÍTULO
Título Metodologia del derecho.
260 ## - PUBLICACIÓN, DISTRIBUCIÓN, ETC.
Lugar de publicación, distribución, etc. Mexico [etc.] :
Nombre del editor, distribuidor, etc. Union tipografica editorial hispano-americana,
Fecha de publicación, distribución, etc. [c1940].
300 ## - DESCRIPCIÓN FÍSICA
Extensión 2 p.l., 7-103, [2] p. ;
Dimensiones 25 cm.
650 #0 - PUNTO DE ACCESO ADICIONAL DE MATERIA--TÉRMINO DE MATERIA
Término de materia o nombre geográfico como elemento de entrada Law
Subdivisión general Methodology.
9 (RLIN) 31473
700 2# - PUNTO DE ACCESO ADICIONAL--NOMBRE DE PERSONA
Nombre de persona Ossorio y Gallardo, Angel,
Fechas asociadas al nombre 1873- [from old catalog]
Término indicativo de función/relación tr.
9 (RLIN) 31474
910 ## - DATOS DE OPCIÓN DEL USUARIO (OCLC)
Datos de opción del usuario Catalogación por copia / LC
Holdings
Estado de retiro Estado de pérdida Restricciones de uso No para préstamo Código de colección Localización permanente Ubicación/localización actual Ubicación en estantería Fecha de adquisición Número de inventario Total de préstamos Signatura topográfica completa Código de barras Fecha visto por última vez Precio válido a partir de Tipo de ítem Koha
    Préstamo interno   Monografías: Libros y Folletos General General En catalogación 01.12.2009 LF1   13890-10 25.06.2020 25.06.2020 Préstamo interno

Powered by Koha